000 01789nam a2200385Ia 4500
001 9781410613233
003 BD-DhSAU
005 20151012151724.0
006 m|||||o||d||||||||
007 cr||||
008 140411r20122005nyu ob 001 0 eng d
020 _a9781410613233 (e-book : PDF)
040 _aBD-DhSAU
_cBD-DhSAU
090 _aBF637.C45
_bP43 2012
092 _a153.6
_bP365
100 1 _aPecchioni, Loretta L.
245 1 0 _aLife-span communication
_h[electronic resource] /
_cLoretta L. Pecchioni, Kevin B. Wright, Jon F. Nussbaum.
260 _aNew York :
_bRoutledge,
_c2012.
300 _axvi, 304 p.
490 1 _aLEA's communication series
500 _aFirst published in 2005 by Lawrence Erlbaum Associates, Inc.
504 _aIncludes bibliographical references and indexes.
505 0 _a1. Introduction and overview : theoretical and methodological issues of communication across the life span -- 2. Foundations of communication : cognitive processing and language -- 3. Relational contexts -- 4. The changing nature of the self and relational networks across the life span -- 5. Leisure and media use throughout the life span -- 6. Summary : implications of life-span communication.
530 _aAlso available in print edition.
538 _aMode of access: World Wide Web.
650 0 _aInterpersonal communication.
650 0 _aCommunication
_xPsychological aspects.
650 0 _aDevelopmental psychology.
655 7 _aElectronic books.
_2lcsh
700 1 _aWright, Kevin B.
700 1 _aNussbaum, Jon F.
776 1 _z0805841113 (case : alk. paper)
_z0805841121 (pbk. : alk. paper)
_z9780805841114
_z9780805841121
830 0 _aLEA's communication series.
856 4 0 _uhttp://www.tandfebooks.com/isbn/9781410613233
999 _c13137
_d13136